<?xml version="1.0" encoding="UTF-8"?>
<record
    xmlns:xsi="http://www.w3.org/2001/XMLSchema-instance"
    xsi:schemaLocation="http://www.loc.gov/MARC21/slim http://www.loc.gov/standards/marcxml/schema/MARC21slim.xsd"
    xmlns="http://www.loc.gov/MARC21/slim">

  <leader>00363nam a2200145Ia 4500</leader>
  <controlfield tag="008">191201s2004    xx            000 0 und d</controlfield>
  <datafield tag="082" ind1=" " ind2=" ">
    <subfield code="a">621.382</subfield>
    <subfield code="b">ANP</subfield>
  </datafield>
  <datafield tag="100" ind1=" " ind2=" ">
    <subfield code="a">Anokh Singh</subfield>
  </datafield>
  <datafield tag="245" ind1=" " ind2="0">
    <subfield code="a">Principle of Communication Engineering</subfield>
  </datafield>
  <datafield tag="250" ind1=" " ind2=" ">
    <subfield code="a">1st Rep</subfield>
  </datafield>
  <datafield tag="260" ind1=" " ind2=" ">
    <subfield code="a">N.Delhi</subfield>
    <subfield code="b">S Chand and Co. Ltd.</subfield>
    <subfield code="c">2004</subfield>
  </datafield>
  <datafield tag="300" ind1=" " ind2=" ">
    <subfield code="a">662</subfield>
  </datafield>
  <datafield tag="650" ind1=" " ind2=" ">
    <subfield code="a">Applied</subfield>
  </datafield>
  <datafield tag="942" ind1=" " ind2=" ">
    <subfield code="2">ddc</subfield>
    <subfield code="c">BK</subfield>
    <subfield code="0">2</subfield>
  </datafield>
  <datafield tag="999" ind1=" " ind2=" ">
    <subfield code="c">875</subfield>
    <subfield code="d">875</subfield>
  </datafield>
  <datafield tag="952" ind1=" " ind2=" ">
    <subfield code="0">0</subfield>
    <subfield code="1">0</subfield>
    <subfield code="2">ddc</subfield>
    <subfield code="4">0</subfield>
    <subfield code="7">0</subfield>
    <subfield code="8">BTECHECE</subfield>
    <subfield code="a">PIET</subfield>
    <subfield code="b">PIET</subfield>
    <subfield code="d">2006-08-17</subfield>
    <subfield code="e">M/s UDH , Delhi</subfield>
    <subfield code="g">200.00</subfield>
    <subfield code="k">125415</subfield>
    <subfield code="l">1</subfield>
    <subfield code="o">621.382 SIP</subfield>
    <subfield code="p">439</subfield>
    <subfield code="r">2020-07-17 00:00:00</subfield>
    <subfield code="s">2020-03-16</subfield>
    <subfield code="w">2005-08-18</subfield>
    <subfield code="y">BK</subfield>
  </datafield>
  <datafield tag="952" ind1=" " ind2=" ">
    <subfield code="0">0</subfield>
    <subfield code="1">0</subfield>
    <subfield code="2">ddc</subfield>
    <subfield code="4">0</subfield>
    <subfield code="7">0</subfield>
    <subfield code="8">BTECHECE</subfield>
    <subfield code="a">PIET</subfield>
    <subfield code="b">PIET</subfield>
    <subfield code="d">2006-08-17</subfield>
    <subfield code="e">M/s UDH , Delhi</subfield>
    <subfield code="g">200.00</subfield>
    <subfield code="k">125415</subfield>
    <subfield code="l">1</subfield>
    <subfield code="o">621.382 SIP</subfield>
    <subfield code="p">440</subfield>
    <subfield code="r">2020-07-15 00:00:00</subfield>
    <subfield code="s">2020-02-06</subfield>
    <subfield code="w">2005-08-18</subfield>
    <subfield code="y">BK</subfield>
  </datafield>
  <datafield tag="952" ind1=" " ind2=" ">
    <subfield code="0">0</subfield>
    <subfield code="1">0</subfield>
    <subfield code="2">ddc</subfield>
    <subfield code="4">0</subfield>
    <subfield code="7">0</subfield>
    <subfield code="8">BTECHECE</subfield>
    <subfield code="a">PIET</subfield>
    <subfield code="b">PIET</subfield>
    <subfield code="d">2006-08-17</subfield>
    <subfield code="e">M/s UDH , Delhi</subfield>
    <subfield code="g">200.00</subfield>
    <subfield code="k">125415</subfield>
    <subfield code="l">0</subfield>
    <subfield code="o">621.382 SIP</subfield>
    <subfield code="p">441</subfield>
    <subfield code="r">2019-12-04 00:00:00</subfield>
    <subfield code="w">2005-08-18</subfield>
    <subfield code="y">BK</subfield>
  </datafield>
</record>
